Распоряжения, инструкции и штаты организац. мандатной комиссии XVI Всероссийского и VII Всесоюзного Съездов Советов

Доступно только в Электронных читальных залах Найти на картеНа карте
RUSMARC
00004540nmc2a22003013x 450
001fa623937-e2fd-42ea-b1d6-f6f86a6e1cad
00520210716183752.0
100##$a20210612l1935 k y0rusy50 ca
1010#$arus
102##$aRU
105##$aa z |||||
1220#$ad19350131
1220#$ad193501
2001#$aРаспоряжения, инструкции и штаты организац. мандатной комиссии XVI Всероссийского и VII Всесоюзного Съездов Советов
$jЯнварь 1935
215##$a26 листов
$cтабл.
251##$cДело
300##$aЗаголовок дела на папке: Распоряжения, инструкция и штаты организационно-мандатной комиссии XVI Всероссийского и VII Всесоюзного Съездов Советов. Январь 1935 год
300##$aМашинописный и рукописный текст
330##$aВходит в раздел описи: VII-й Съезд Советов
461#0$1001796d4672-8a00-4986-b488-6e42273792cc
$12001
$aЦЕНТРАЛЬНЫЙ ИСПОЛНИТЕЛЬНЫЙ КОМИТЕТ СССР (ЦИК СССР)
$1251
$cФонд
$1852
$j3316
$gР
462#0$10012246e4af-064a-4b66-b386-cae0ddb7fb2d
$12001
$aДела 7-го Съезда Советов и 1-й, 2-й, 3-й, 4-й Сессий 7-го созыва. 1935-1937 гг.
$vД. 62
$1251
$cОпись
$1852
$j7
5171#$aРаспоряжения, инструкция и штаты организационно-мандатной комиссии XVI Всероссийского и VII Всесоюзного Съездов Советов. Январь 1935 год
60101$3RU\NLR\AUTH\880357276
$aСССР
$bЦИК
6011|$3RU\NLR\AUTH\661048804
$aСССР. Съезд советов 7-й
60101$3RU\NLR\AUTH\8810134311
$aРСФСР
$bСъезд Советов
$c16
801#0$aRU
$bGA_RF
801#1$aRU
$bГлавНИВЦ
$c20210612
$2rusmarc
801#2$aRU
$bПБ им. Б.Н. Ельцина
$c20210716
$gRCR
$2rusmarc
852##$aГА РФ
$j62
937##$d166298767
$hГАРФ
035##$aRuPRLIB51060522
856##$uhttp://readingroom.main.prlib.ru/item.aspx?id_node=n166298767&mode=full
Формат отображения